|
|
|
|
| LEADER |
00000cam a2200000 c 4500 |
| 001 |
023501286 |
| 003 |
DE-627 |
| 005 |
20251219210254.0 |
| 007 |
tu |
| 008 |
920213s1991 gw ||||| m 00| ||ger c |
| 015 |
|
|
|a 91,N39,0329
|2 dnb
|
| 015 |
|
|
|a 91,122,1123
|2 dnb
|
| 016 |
7 |
|
|a 911221123
|2 DE-101
|
| 020 |
|
|
|a 3789024465
|9 3-7890-2446-5
|
| 035 |
|
|
|a (DE-627)023501286
|
| 035 |
|
|
|a (DE-576)026729415
|
| 035 |
|
|
|a (DE-599)GBV023501286
|
| 040 |
|
|
|a DE-627
|b ger
|c DE-627
|e rakwb
|
| 041 |
|
|
|a ger
|
| 044 |
|
|
|c XA-DE
|
| 050 |
|
0 |
|a UB342.G4
|
| 082 |
0 |
|
|a 355.2/24/0943
|
| 084 |
|
|
|a 21
|a 63
|a 12
|2 sdnb
|
| 084 |
|
|
|a NQ 2540
|2 rvk
|0 (DE-625)rvk/128282:
|
| 084 |
|
|
|a NQ 2230
|2 rvk
|0 (DE-625)rvk/128237:
|
| 084 |
|
|
|a NQ 2310
|2 rvk
|0 (DE-625)rvk/128249:
|
| 084 |
|
|
|a NQ 2490
|2 rvk
|0 (DE-625)rvk/128278:
|
| 084 |
|
|
|a BP 5400
|2 rvk
|0 (DE-625)rvk/15045:
|
| 084 |
|
|
|a 07
|2 bwlb
|
| 084 |
|
|
|a 15.43
|2 bkl
|
| 100 |
1 |
|
|a Bredemeier, Karsten
|0 (DE-588)12225757X
|0 (DE-627)081833806
|0 (DE-576)167657267
|4 aut
|
| 109 |
|
|
|a Bredemeier, Karsten
|a Brēdemeiers, Karstens
|a Bredemajer, Kartsten
|a Bredemajer, Karsten
|a Dr. Dialektik
|
| 245 |
1 |
0 |
|a Kriegsdienstverweigerung im Dritten Reich
|b ausgewählte Beispiele
|c Karsten Bredemeier
|
| 250 |
|
|
|a 1. Aufl.
|
| 264 |
|
1 |
|a Baden-Baden
|b Nomos-Verl.-Ges.
|c 1991
|
| 300 |
|
|
|a 235 S.
|
| 336 |
|
|
|a Text
|b txt
|2 rdacontent
|
| 337 |
|
|
|a ohne Hilfsmittel zu benutzen
|b n
|2 rdamedia
|
| 338 |
|
|
|a Band
|b nc
|2 rdacarrier
|
| 361 |
1 |
|
|5 DE-35
|y 3728094137
|s 54630
|o Vorbesitz
|a Wehrbereichsbibliothek (Hannover)
|0 (DE-588)2032223-9
|0 (DE-627)102430195
|0 (DE-576)191836702
|
| 502 |
|
|
|a Zugl.: Bonn, Univ., Diss., 1990-1991
|
| 520 |
|
|
|a Über Alfred Herbst S. 109 - 119
|
| 583 |
1 |
|
|a Archivierung/Langzeitarchivierung gewährleistet
|f PEBW
|x XA-DE-BW
|2 pdager
|5 DE-31
|
| 583 |
1 |
|
|a Archivierung/Langzeitarchivierung gewährleistet
|f SSG
|x XA-DE-BW
|2 pdager
|5 DE-21
|
| 600 |
1 |
7 |
|0 (DE-588)1012404455
|0 (DE-627)699692024
|0 (DE-576)345381467
|a Herbst, Alfred
|d 1906-1943
|2 gnd
|7 (dpeaa)DE-631
|
| 650 |
|
0 |
|a conscientious objectors
|z Germany
|x History
|y 20th century
|
| 655 |
|
7 |
|a Biografie
|0 (DE-588)4006804-3
|0 (DE-627)104213493
|0 (DE-576)208867147
|2 gnd-content
|
| 655 |
|
7 |
|a Hochschulschrift
|0 (DE-588)4113937-9
|0 (DE-627)105825778
|0 (DE-576)209480580
|2 gnd-content
|
| 689 |
0 |
0 |
|d s
|0 (DE-588)4013021-6
|0 (DE-627)104682922
|0 (DE-576)208901639
|a Drittes Reich
|2 gnd
|
| 689 |
0 |
1 |
|d s
|0 (DE-588)4033123-4
|0 (DE-627)106258672
|0 (DE-576)20900035X
|a Kriegsdienstverweigerung
|2 gnd
|
| 689 |
0 |
2 |
|d s
|0 (DE-588)4010071-6
|0 (DE-627)106359940
|0 (DE-576)208885773
|a Christ
|2 gnd
|
| 689 |
0 |
3 |
|a z
|2 gnd
|a Geschichte 1939-1945
|
| 689 |
0 |
|
|5 DE-101
|
| 689 |
1 |
0 |
|d g
|0 (DE-588)4011882-4
|0 (DE-627)104704861
|0 (DE-576)208896155
|a Deutschland
|2 gnd
|
| 689 |
1 |
1 |
|d s
|0 (DE-588)4033123-4
|0 (DE-627)106258672
|0 (DE-576)20900035X
|a Kriegsdienstverweigerung
|2 gnd
|
| 689 |
1 |
2 |
|d s
|0 (DE-588)4010071-6
|0 (DE-627)106359940
|0 (DE-576)208885773
|a Christ
|2 gnd
|
| 689 |
1 |
3 |
|a z
|2 gnd
|a Geschichte 1939-1945
|
| 689 |
1 |
|
|5 DE-101
|
| 689 |
2 |
0 |
|d s
|0 (DE-588)4013021-6
|0 (DE-627)104682922
|0 (DE-576)208901639
|a Drittes Reich
|2 gnd
|
| 689 |
2 |
1 |
|d s
|0 (DE-588)4033123-4
|0 (DE-627)106258672
|0 (DE-576)20900035X
|a Kriegsdienstverweigerung
|2 gnd
|
| 689 |
2 |
2 |
|d s
|0 (DE-588)4010071-6
|0 (DE-627)106359940
|0 (DE-576)208885773
|a Christ
|2 gnd
|
| 689 |
2 |
3 |
|a z
|2 gnd
|a Geschichte 1939-1945
|
| 689 |
2 |
|
|5 (DE-627)
|
| 689 |
3 |
0 |
|d g
|0 (DE-588)4011882-4
|0 (DE-627)104704861
|0 (DE-576)208896155
|a Deutschland
|2 gnd
|
| 689 |
3 |
1 |
|d s
|0 (DE-588)4033123-4
|0 (DE-627)106258672
|0 (DE-576)20900035X
|a Kriegsdienstverweigerung
|2 gnd
|
| 689 |
3 |
2 |
|d s
|0 (DE-588)4010071-6
|0 (DE-627)106359940
|0 (DE-576)208885773
|a Christ
|2 gnd
|
| 689 |
3 |
3 |
|a z
|2 gnd
|a Geschichte 1939-1945
|
| 689 |
3 |
|
|5 (DE-627)
|
| 751 |
|
|
|a Bonn
|0 (DE-588)4007666-0
|0 (DE-627)106372270
|0 (DE-576)208871632
|4 uvp
|
| 935 |
|
|
|a mteo
|a BWLB
|
| 935 |
|
|
|i Blocktest
|
| 936 |
r |
v |
|a NQ 2540
|b Sonstiges (z.B. Nationalkomitee "Freies Deutschland")
|k Geschichte
|k Geschichte seit 1918
|k Drittes Reich
|k Widerstand und Emigration
|k Sonstiges (z.B. Nationalkomitee "Freies Deutschland")
|0 (DE-627)1271141841
|0 (DE-625)rvk/128282:
|0 (DE-576)201141841
|
| 936 |
r |
v |
|a NQ 2230
|b Justiz
|k Geschichte
|k Geschichte seit 1918
|k Drittes Reich
|k Innere Geschichte
|k Gleichschaltungsprozess
|k Justiz
|0 (DE-627)1271470756
|0 (DE-625)rvk/128237:
|0 (DE-576)201470756
|
| 936 |
r |
v |
|a NQ 2310
|b Allgemeines
|k Geschichte
|k Geschichte seit 1918
|k Drittes Reich
|k Innere Geschichte
|k NS-Staat und Kirchen
|k Allgemeines
|0 (DE-627)1270722077
|0 (DE-625)rvk/128249:
|0 (DE-576)200722077
|
| 936 |
r |
v |
|a NQ 2490
|b Ziviler Widerstand
|k Geschichte
|k Geschichte seit 1918
|k Drittes Reich
|k Widerstand und Emigration
|k Ziviler Widerstand
|0 (DE-627)1270868802
|0 (DE-625)rvk/128278:
|0 (DE-576)200868802
|
| 936 |
r |
v |
|a BP 5400
|b Evangelische Kirche unter dem Nationalsozialismus (1933-1945)
|k Theologie und Religionswissenschaften
|k Evangelische Kirchengeschichte
|k Evangelische Kirchengeschichte Deutschlands
|k Kirche unter Demokratie und Diktatur (Kirchengeschichte seit 1918)
|k Evangelische Kirche seit 1918 (Gesamtdarstellungen)
|k Evangelische Kirche unter dem Nationalsozialismus (1933-1945)
|0 (DE-627)127261459X
|0 (DE-625)rvk/15045:
|0 (DE-576)20261459X
|
| 936 |
b |
k |
|a 15.43
|j Deutsche Geschichte des 19. Jahrhunderts bis zur Gegenwart
|0 (DE-627)181569701
|
| 938 |
1 |
0 |
|0 (DE-627)1756180725
|0 (DE-615)6608418
|a Kriegsdienstverweigerung
|2 fivt
|
| 938 |
1 |
0 |
|0 (DE-627)1756152209
|0 (DE-615)6608584
|a Christen
|2 fivt
|
| 938 |
1 |
0 |
|0 (DE-627)175614625X
|0 (DE-615)6603417
|a Deutschland
|2 fivt
|
| 951 |
|
|
|a BO
|
| ELC |
|
|
|b 1
|
| LOK |
|
|
|0 000 xxxxxcx a22 zn 4500
|
| LOK |
|
|
|0 001 3096872287
|
| LOK |
|
|
|0 003 DE-627
|
| LOK |
|
|
|0 004 023501286
|
| LOK |
|
|
|0 005 20151116135858
|
| LOK |
|
|
|0 008 150728||||||||||||||||ger|||||||
|
| LOK |
|
|
|0 035
|a (DE-21-110)kd723
|
| LOK |
|
|
|0 040
|a DE-21-110
|c DE-627
|d DE-21-110
|
| LOK |
|
|
|0 689
|a s
|a Militärgerichtsbarkeit
|
| LOK |
|
|
|0 689
|a s
|a Nationalsozialismus
|
| LOK |
|
|
|0 689
|a s
|a Gewissenstheorien
|
| LOK |
|
|
|0 689
|a s
|a Widerstand
|
| LOK |
|
|
|0 689
|a s
|a Kriegsdienstverweigerung
|
| LOK |
|
|
|0 689
|a s
|a Kirche
|
| LOK |
|
|
|0 852
|z Kein Bestand am IfK; Nachweis für KrimDok
|
| LOK |
|
|
|0 852
|a DE-21-110
|
| LOK |
|
|
|0 852 1
|9 00
|
| LOK |
|
|
|0 935
|a k110
|
| LOK |
|
|
|0 939
|a 28-07-15
|b l01
|
| ORI |
|
|
|a SA-MARC-krimdoka001.raw
|
| TIM |
|
|
|a 100019390101_100019451231
|b Geschichte 1939-1945
|